000 00594nam a2200229Ia 4500
003 OSt
005 20220924140459.0
006 a|||||r|||| 00| 0
007 ta
008 220923b |||||||| |||| 00| 0 ben d
024 _a295343
037 _cTextual
040 _aARTS
_cARTS
_bben
041 _2ben
_aben
082 _aO157,2M61:g, J9
100 _aRoy Hemendrakumar
_9211427
245 0 _aSoukhin natyakala rabindranath
260 _c1959
650 _aBENGALI LITERATURE
942 _hO157,2M61:g, J9
_cTEXL
_2CC
999 _c444504
_d444504